Aspekty konkurencieschopnosti v študijnom odbore Finančný manažment

Študijný odbor ako produkt akademického vzdelávania. Uplatnenie konkurenčnej výhody študijného odboru. Význam komunikácie na trhu vzdelávania. Pri ponuke študijného odboru na trh vzdelávania je vhodné postupovať analogicky ako pri umiestňovaní produktov a služieb na trhu.

Salvato in:
Dettagli Bibliografici
Autore principale: Kubranová, Magdaléna, 1956-
Natura: Capitolo di libro
Lingua:slovacco
Soggetti:
Tags: Aggiungi Tag
Nessun Tag, puoi essere il primo ad aggiungerne!!

MARC

LEADER 00000nla a2200000 4500
001 0195514
005 20240502073259.1
041 0 |a slo 
044 |a SK 
245 1 0 |a Aspekty konkurencieschopnosti v študijnom odbore Finančný manažment  |c Magdaléna Kubranová 
520 |a Študijný odbor ako produkt akademického vzdelávania. Uplatnenie konkurenčnej výhody študijného odboru. Význam komunikácie na trhu vzdelávania. Pri ponuke študijného odboru na trh vzdelávania je vhodné postupovať analogicky ako pri umiestňovaní produktov a služieb na trhu. 
610 2 0 |a školy vysoké 
610 2 0 |a odbory študijné 
610 2 0 |a výhody konkurenčné 
610 2 0 |a manažment finančný 
610 2 0 |a komunikácia 
100 1 |a Kubranová, Magdaléna, 1956-